000 00640nab a2200217 a 4500
001 62546
003 134952
005 20201118105937.0
008 ||||||n9999 ||| || ||
041 _aspa
100 _aMorales Forero, Fabio
245 0 _aHacia un programa estrategico de desarrollo agroempresarial
260 _aBogotá :
_bSociedad de Agricultores de Colombia,
_c1998.
300 _app.107-112
562 _e0
650 _aDESARROLLO AGROEMPRESARIAL
650 _aESTRATEGIAS PARA EL DESARROLLO
650 _aSECTOR AGROPECUARIO
773 _061280
_aRevista Nacional de Agricultura - No.922-923
942 _cSART
999 _c62546
_d62546